00472nam a2200133Ia 4500008004100000020001800041100002000059245008800079260004100167300002900208500002900237650002500266650004700291200302s9999 xx 000 0 und d a9780702067013 aHaughey, Sharon cSharon Haughey, Roisin O'Hare.--aPharmacy OSCEs and competency-based assessments / aEdinburgh, New York:bELSEVIERc2018 aviii, 229 pages:c21 cm. aincludes index, glossary aEducation, Pharmacy. aPharmacy -- Examinations, questions, etc.